Govt. of
Madhya Pradesh

The Critical Examination of the Philosophy of Religion (Record no. 36340)

MARC details
000 -LEADER
fixed length control field 004480000a22001690004500
003 - CONTROL NUMBER IDENTIFIER
control field MACL
005 - DATE AND TIME OF LATEST TRANSACTION
control field 20151229134838.0
008 - FIXED-LENGTH DATA ELEMENTS--GENERAL INFORMATION
fixed length control field 151229b xxu||||| |||| 00| 0 eng d
040 ## - CATALOGING SOURCE
Original cataloging agency MACL
Transcribing agency MACL
041 ## - LANGUAGE CODE
Language code of text/sound track or separate title English
082 ## - DEWEY DECIMAL CLASSIFICATION NUMBER
Classification number 181.9/SAN
100 ## - MAIN ENTRY--PERSONAL NAME
Personal name Sadhu Santinatha
9 (RLIN) 23902
245 ## - TITLE STATEMENT
Title The Critical Examination of the Philosophy of Religion
Remainder of title vol 2
260 ## - PUBLICATION, DISTRIBUTION, ETC. (IMPRINT)
Name of publisher, distributor, etc. Amalner
Date of publication, distribution, etc. 1938
650 ## - SUBJECT ADDED ENTRY--TOPICAL TERM
Topical term or geographic name as entry element Philosophy
9 (RLIN) 23903
942 ## - ADDED ENTRY ELEMENTS (KOHA)
Koha item type Books
Call number prefix 181.9/SAN
Source of classification or shelving scheme
Holdings
Withdrawn status Lost status Source of classification or shelving scheme Damaged status Not for loan Home library Current library Date acquired Total Checkouts Full call number Barcode Date last seen Uniform Resource Identifier Price effective from Koha item type
          MACL MACL 15/04/2015   181.9/SAN CLE013755 29/04/2015 36550 15/04/2015 Books